[Event "FIDE-Wch"]
[Site "Elista"]
[Date "1996.06.16"]
[Round "6"]
[White "Kamsky, Gata"]
[Black "Karpov, Anatoly"]
[Result "0-1"]
[WhiteElo "2735"]
[BlackElo "2770"]
[Annotator "Gurevich,M"]
[PlyCount "58"]
[EventDate "1996.06.06"]
[EventType "match"]
[EventRounds "18"]
[EventCountry "RUS"]
[SourceTitle "CBM 054"]
[Source "ChessBase"]
[SourceDate "1996.10.01"]
[SourceVersion "1"]
[SourceVersionDate "1996.10.01"]
[SourceQuality "1"]

{šestá partie zápasu Kamskij-Karpov, ve které je skvělý královský
pochod bývalého mistra světa.} 1. e4 e5 2. Nf3 Nf6 3. d4 Nxe4 4. Bd3 d5 5.
Nxe5 Nd7 6. Nxd7 Bxd7 7. O-O Bd6 8. Nc3 {Na první pohled má černý několik
problémů, protože ještě nedělal rošádu. Například, pokud 8...Jxc3 9
bxc3 0-0, pak bílý vyhraje pěšce po 10.Dh5, ohrozenim partnera a pěšce
na d5. Karpov podle všeho přemýšlel 42 minut nad svým dalším tahem.
Těžko odhadnout, zda na svůj rozbor zapomněl, nebo se propočet
momentálního nápadu} Qh4 {Tento tah zabral Karpovovi 42 minut
přemýšlení. Přesunutím své vlastní dámy na královské křídlose tam
Karpov dostane dříve než Kamsky, ale musí to zaplatit...} (8... Nxc3) 9. g3
(9. h3 $2 Bxh3) 9... Nxc3 10. bxc3 Qg4 {/\><h3,g4,f3} 11. Re1+ Kd8 $1 {
Brilantní úsudek. Karpov správně vyhodnotil, že jeho král, alespoň z
krátkodobého hlediska, je v bezpečí ve středu šachovnice – i když
musí hrát s extrémní přesností, aby dokázal správnost svého nápadu.}
12. Be2 {ještě nejlepší} (12. Qxg4 Bxg4 13. Rb1 b6 14. c4 c6 $13) 12... Qf5
13. Rb1 (13. c4 $142 dxc4 14. Bxc4) 13... b6 14. c4 dxc4 15. Bxc4 Re8 16. Be3 {
Kamsky chce použít pěšce "c" k otevření pozice - po ustupu střelce na
c4 na f1 nebo mozná na d3, postoupi c-pěšcem c2-c4-c5. Vypadá to, ze by se
Karpov mohl dostat do defenzívy, ale nachází chytrou reakci, která rázem
meni hodnoceni.} Bc6 $1 {Kamsky nemuze dovolit, aby střelec zustal na dlouhé
diagonále, protože by to bylo pro jeho krále prostě příliš nebezpečné.
Například plán s tahem 17.Sf1 je teď spatny pro 17...Dd5.} 17. d5 (17. Bf1
$2 Qd5 18. f3 Qxf3 19. Qxf3 Bxf3 $17) 17... Bd7 {Tím, ze prinutil bileho
zahrat d5, dosáhlo tří věcí:  1. plán, o kterém jsem se zmínil o
ústupu střelce, pak hra c2-c4-c5 je mnohem méně efektivní - střelec
černého na d6 by zůstal v bezpečí po výměně pěšců;  2. pohyblivost
střelce na c4 byla omezena pěšcem na d5;  3. střelec na d6 se stal lepší
figurkou, protože má potenciálně k dispozici pole c5 a e5.} 18. Bf1 (18.
Bd3 $5 {bylo lepsi}) 18... h6 {Karpov chce zabránit střelci jit na g5 poté,
co bílý zahraje Dd2. Tento prozíravý malý krok je základní předehrou k
přeskupení, které následuje.} 19. c4 Re7 20. Bd3 $6 {[><f3,h3] ><f3,h3} (
20. Qd2 Ke8 21. Bd4 Rxe1 22. Rxe1+ Kf8 $10) 20... Qf6 21. Kg2 $6 (21. Qc2 $5
Ke8 22. c5 bxc5 23. Bxc5 Bxc5 24. Qxc5 Qd6 25. Qxd6 cxd6 26. Rxe7+ Kxe7 27. Rb7
$14) 21... Ke8 {/\ Ke8-f8-g8, Ra8-e8 /\Kf8,Rae8} 22. Bc2 {/\23.Ba4} Qc3 $1 23.
Bb3 (23. Qd3 $10) (23. Bd4) 23... Kf8 24. Rc1 Qf6 25. Bc2 (25. c5 bxc5 26. Bxc5
Bxc5 27. Rxc5 Bg4 28. Qxg4 $8 Rxe1 29. Rxc7 $44 {/\30.d6} Re7 30. Rc6) 25...
Rae8 $15 {Karpov má zázračnou schopnost koordinovat své síly tak, aby
byly co nejúčinnější. Všimněte si, jak své figurky uspořádal tak,
aby si navzájem nestály v cestě a všechny byly chráněny; zdá se, že v
celé jeho armádě není jediná slabina. Porovnejte tuto pozici s tou, kde
hrál 11... Kd8; je těžké si představit, že by byl schopen dosáhnout
takové harmonie. Jeho král je v bezpečí, jeho věže se zdvojily a
královské křídlo bílého oslabilo, iniciativa přešla na Karpova!} 26.
Qd3 {><f3} Bg4 {[#] Kamsky plánoval zahrát dámou na h7, ale teď, když uz
tam mohl, si musel uvědomit, že 27.Dh7 by je k ničemu pro 27...g5! a bílý
nemůže dále postupovat, a musí se náhle vypořádat s hrozbami vůči
vlastnímu králi.} 27. Bd2 $2 {A Kamsky v časové tísni chybuje.} (27. Bd4
$2 Qf3+ 28. Qxf3 Bxf3+ 29. Kf1 Rxe1+ 30. Rxe1 Bg2+ 31. Kxg2 Rxe1 $17) (27. Qh7
$2 g5 $17 (27... Bf3+ 28. Kg1 g5 $10)) (27. Bd1 $6 Bf5 28. Qd2 Ba3 $17) (27. f4
$2 {Karpov} Bc5 (27... Bf5 {Ftacnik} 28. Qxf5 Qxf5 29. Bxf5 Rxe3 $10) (27...
Rxe3 28. Rxe3 Rxe3 29. Qxe3 Qb2 $1 $19 30. h3 Bf5 31. Qd2 Ba3 $19) 28. Bxc5
bxc5 29. Rxe7 Rxe7 30. Bd1 Re1 31. Rb1 Qf5 32. Qxf5 Bxf5 33. Rb8+ Ke7 34. Bf3
Ra1 35. Rb2 Bb1 $1 $15) (27. Kg1 {jeste bileho drzi}) 27... Re2 28. Rxe2 (28.
Be3 Qf3+ 29. Kg1 Bh3 $19) (28. Rf1 Rxd2 $1 29. Qxd2 Qf3+ 30. Kg1 Bh3 $19) 28...
Rxe2 29. Rf1 (29. Be1 Bc5 $19 {x f2}) (29. Be3 Qf3+ 30. Kg1 Rxc2 $1 31. Qxc2
Bh3 $19) 29... Rxd2 (29... Rxd2 30. Qxd2 Qf3+ 31. Kg1 Bh3 32. Be4 Qxe4 $19 (
32... Qxe4 {Karpov} 33. f3 Bc5+ 34. Kh1 Qf5 35. g4 Qf6 $19)) 0-1

[Event "Alekhine Memorial-02"]
[Site "Moscow"]
[Date "1971.12.08"]
[Round "11"]
[White "Karpov, Anatoly"]
[Black "Hort, Vlastimil"]
[Result "1-0"]
[WhiteElo "2540"]
[BlackElo "2605"]
[Annotator "Petr Herejk"]
[PlyCount "65"]
[EventDate "1971.11.24"]
[EventType "tourn"]
[EventRounds "17"]
[EventCountry "URS"]
[EventCategory "14"]
[SourceVersionDate "2022.10.12"]

1. e4 c5 2. Nf3 d6 3. d4 cxd4 4. Nxd4 Nf6 5. Nc3 e6 6. g4 Nc6 7. g5 Nd7 8. Be3
a6 9. f4 Be7 10. Rg1 Nxd4 11. Qxd4 e5 12. Qd2 exf4 13. Bxf4 Ne5 14. Be2 Be6 15.
Nd5 Bxd5 16. exd5 Ng6 17. Be3 h6 18. gxh6 Bh4+ 19. Kd1 gxh6 20. Bxh6 Bf6 21. c3
Be5 {[#] Černý obětoval pěšce a vypadá to, že za to má dobrou protihru:
bílý král už nemůže do rošády, dáma hrozí jit na h4 a pěšec h je
slabý.} 22. Rg4 {[%cal Gg4a4,Gg4h4] Geniální řešení! Zde věž ovládá
nejdůležitější středovou horizontálu, čímž omezuje nepřátelské
figury a sama se stává velmi aktivní.} Qf6 {[%csl Rh2]} ({Na} 22... Bxh2 {
jde} 23. Kc2 Be5 24. Rag1 Qa5 25. Kb1 O-O-O 26. Rf1 {[%csl Ge2,Rf7,Gh6] s
vyhodou bileho}) 23. h4 $1 {[%cal Gg4h4,Rh4h5]} Qf5 (23... Nxh4 $2 24. Bg5 $18)
24. Rb4 $1 Bf6 (24... O-O-O $2 25. Bg4 $18 {[%cal Gb4g4]}) 25. h5 Ne7 (25...
Ne5 $2 26. Rf4 $18) 26. Rf4 $1 Qe5 27. Rf3 $6 {První (a jediný) pochybný
moment bílého ve hře. Věž fungovala dobře na čtvrté řadě a nyní ji
opustila, ale mela radeji jit na f2.} (27. Rf2 Nxd5 $2 (27... O-O-O 28. Kc2
Nxd5 29. Bg4+ Kb8 30. Re2 $16) 28. Bg4 $2 $18 {s hrozbou Ve2}) 27... Nxd5 {
černý bere pesce zpet, ale} 28. Rd3 Rxh6 {[#]} 29. Rxd5 $1 ({Po} 29. Qxh6 $6
Bg5 30. Qh7 Ne3+ 31. Rxe3 Qxe3 32. Qh8+ Kd7 33. Qd4 Qxd4+ 34. cxd4 Bf6 $11 {
je hra vyrovnana}) 29... Qe4 30. Rd3 {Přesně takovou pozici zamýšlel
Karpov, když přesunul věž na f3.} {30...} Qh1+ $2 (30... Qh7 $1 {Černý
by měl dobrou šanci pozici udržet.} 31. Re3+ (31. Rxd6 $2 {31...} Bg5 $3 32.
Rxh6 Qxh6 33. Qe1 O-O-O+ $19) 31... Be5 32. Qd5 $16) {A hra konci} 31. Kc2 Qxa1
32. Qxh6 Be5 33. Qg5 {cerny se vzdal} (33. Qg5 Rd8 (33... Kd7 34. Qxe5) 34. Re3
Qxa2 35. h6 $18) 1-0

[Event "Candidates FIDE f1"]
[Site "Sanghi Nagar"]
[Date "1995.??.??"]
[Round "7"]
[White "Gelfand, Boris"]
[Black "Karpov, Anatoly"]
[Result "0-1"]
[WhiteElo "2700"]
[BlackElo "2780"]
[Annotator "Petr Herejk"]
[PlyCount "160"]
[EventDate "1995.02.??"]
[EventType "match"]
[EventRounds "9"]
[EventCountry "IND"]
[SourceVersionDate "2022.10.12"]

1. c4 Nf6 2. d4 e6 3. Nf3 b6 4. e3 Bb7 5. Nc3 d5 6. cxd5 exd5 7. Bb5+ c6 8. Bd3
Be7 9. O-O O-O 10. b3 Nbd7 11. Bb2 Bd6 12. Rc1 $146 Re8 13. Ne2 Qe7 14. Ng3 g6
15. Qe2 (15. Qc2 $5) 15... Ba3 16. Rfe1 (16. Qc2 $5) 16... Qd6 17. Qc2 (17.
Bxa3 Qxa3 18. Qc2 Rac8 $10) 17... Bxb2 (17... a5 $5) 18. Qxb2 c5 19. Red1 (19.
Qa3 {Ftacnik} Ne4 $5) 19... Rac8 20. Ne2 (20. Bb5 {Ftacnik} a6 21. dxc5 bxc5
$10) 20... a6 21. Rc2 (21. h3 $5) 21... cxd4 22. Nexd4 Rxc2 23. Bxc2 Rc8 24.
Rc1 Ne4 (24... Qc5 25. Ne2) 25. Bd3 Rxc1+ 26. Qxc1 Qc5 27. Qd1 b5 28. Ne2 b4
29. Qa1 (29. Bxe4 {Ftacnik} dxe4 30. Qxd7 exf3 31. Qd8+ Kg7 32. Qd4+ Qxd4 33.
Nxd4 fxg2 34. f3 $10) 29... Qd6 30. Qd4 Qc5 31. Qa1 (31. Qxc5 {Ftacnik} Ndxc5
32. Bc2 Kf8 $10) 31... Qd6 32. h3 Ndc5 33. Bc2 {[#]} Qf6 34. Qe5 (34. Qxf6 Nxf6
35. Nfd4 Kf8 $13) 34... Qxe5 35. Nxe5 f6 36. Nf3 Ne6 37. Ne1 Kf7 38. f3 N4c5
39. g4 a5 40. Kf2 Ba6 41. h4 (41. Nd4 {Ftacnik} Nxd4 42. exd4 Ne6 43. Ke3 $10)
41... h6 {pozice je stale v rovnovaze, aledujte ale Karpovovu techniku hry v
techto zdanlive rovnych pozicich} 42. h5 gxh5 43. gxh5 Ke7 44. Ng3 Ng7 45. Bg6
Kd6 46. Kg2 (46. Nc2 Nd3+) 46... Bb5 47. Nc2 Nce6 48. f4 Bd7 $10 49. Kf2 (49.
Nd4 {Ftacnik} Nxd4 50. exd4 Bg4 $15) 49... Nc7 50. Nd4 Nb5 51. Nxb5+ Bxb5 52.
Ke1 Bd7 53. Bd3 Bg4 54. Be2 {[#]} Nf5 $5 (54... Bd7 $15 {Ftacnik}) 55. Nxf5+ $2
(55. Bxg4 Nxg3 56. Kd2 Ne4+ 57. Kc2 d4 58. Bf3 Nc3 $17) 55... Bxf5 56. Kd2 Kc5
57. Bd3 Bd7 58. Bc2 Be8 59. Bg6 Bc6 60. Bc2 Bd7 61. Bd1 Bh3 62. Bf3 (62. Be2 f5
$6 63. Ke1 $1 (63. Ba6 Bg4 64. Bc8 Bxh5 65. Bxf5 $17) (63. Kd3 Bg4 64. Bxg4
fxg4 65. Ke2 Kd6 66. Kf2 Ke6 67. Kg3 Kf5 68. Kh4 d4 $19 (68... Ke4 69. Kxg4
Kxe3 70. f5 d4 71. f6 d3 72. f7 d2 73. f8=Q d1=Q+ 74. Kg3 Qxh5 $17)) (63. Bf3
Bg4 64. Ke2 d4 65. exd4+ Kxd4 66. Bxg4 fxg4 67. Kf2 Ke4 68. Kg3 Kf5 $19) 63...
d4 (63... Bg4 64. Bxg4 fxg4 65. Kf2) 64. Kf2 $10) (62. Bc2 $5 {Ftacnik} Bd7 63.
Bd1 Be8 64. Kd3 $15) 62... Bf5 (62... f5 $6 63. Ke2 (63. Kd3 Bg4 64. Be2 Kc6
65. Kd2 Kd6 66. Kd3 Kc5 $22 67. Kd2 d4 68. Bd3 (68. Kd3 dxe3) 68... Kd5 $22 69.
Bc4+ (69. Bc2 dxe3+ 70. Kxe3 Ke6) 69... Ke4 70. Bd3+ Kf3 71. Be2+ Kf2 $19)
63... d4 64. Kf2 d3 65. Bb7 Bg4 66. Ke1 Bxh5 67. Kd2 Bf7 68. Bc8 a4 69. bxa4
Bxa2 70. Bxf5 Bc4 (70... b3 71. Be6 Kb4 72. f5 Ka3 73. f6 b2 74. f7 Bxe6 75.
f8=Q+ Ka2 76. Qxh6 $10) 71. Bxd3 Bxd3 72. Kxd3 h5 73. a5 h4 74. a6 Kb6 75. f5
h3 76. f6 h2 77. f7 h1=Q 78. f8=Q $10) 63. Kc1 (63. Be2 Bb1) (63. Bd1 d4 $17)
63... Bd7 (63... d4 {byla asi nejlepsi, ale situaci by to zbytecne
zkomplikovalo} 64. e4 Bd7 65. Kd2 Bc6 66. Ke2 a4 $19) 64. Kd2 a4 65. bxa4 (65.
Bd1 a3 66. Bc2 Bg4 67. Bd1 f5 $1 68. Bc2 (68. Be2 d4 69. Bd3 dxe3+ 70. Kxe3
Bxh5 71. Bxf5 Bd1 72. Bb1 h5 $19) 68... d4 69. Kd3 dxe3 70. Kxe3 Kd5 71. Bd3
Bd1 72. Bb1 Bxh5 73. Bxf5 Bd1 74. Bh7 Kc5 75. Bb1 h5 76. f5 h4 77. f6 Kd6 78.
Kf4 Ke6 $19) 65... Bxa4 66. Be2 (66. Bd1 $2 Bxd1 $1 67. Kxd1 Kb5 $1 68. Kc2 Ka4
69. Kb2 f5 $19) 66... Bc6 67. Bf3 Be8 68. Bd1 {[#]} d4 {konecne se Karpov
dostal k d4 protoze bily nemuze e4} 69. Kd3 (69. exd4+ Kxd4 $19) (69. e4 $2 Bf7
70. Bb3 Bxh5 $19) 69... Bb5+ 70. Ke4 $2 (70. Kd2 $1 $17) 70... d3 $1 $19 71.
Kf5 Bc4 72. Ke4 (72. Kxf6 Bxa2 73. e4 b3 $19) 72... d2 73. f5 Bxa2 74. Kd3 Bb1+
75. Kxd2 Bxf5 76. Be2 Be4 77. Kc1 Kd6 78. Kb2 Bd5 79. Bd3 Bf7 80. Be2 Ke5 (
80... Ke5 81. Bf3 Kf5 $19) 0-1

[Event "World-ch34-KK5 Kasparov-Karpov +4-3=17"]
[Site "Lyon/New York"]
[Date "1990.12.05"]
[Round "17"]
[White "Karpov, Anatoly"]
[Black "Kasparov, Garry"]
[Result "1-0"]
[WhiteElo "2730"]
[BlackElo "2800"]
[Annotator "Petr Herejk"]
[PlyCount "79"]
[EventDate "1990.10.08"]
[EventType "match"]
[EventRounds "24"]
[EventCountry "USA"]
[SourceVersionDate "2022.10.12"]

1. d4 Nf6 2. c4 g6 3. Nc3 d5 4. cxd5 Nxd5 5. e4 Nxc3 6. bxc3 Bg7 7. Be3 c5 8.
Qd2 O-O 9. Nf3 Bg4 10. Ng5 $5 cxd4 (10... h6) 11. cxd4 Nc6 12. h3 Bd7 13. Rb1
Rc8 $1 14. Nf3 Na5 15. Bd3 Be6 (15... Nc4 16. Bxc4 Rxc4 17. O-O (17. Rxb7 Bc6
18. Rxa7 Bxe4 $44) 17... Qc7 $11) 16. O-O Bc4 17. Rfd1 {[#]} b5 $2 (17... Bxd3
18. Qxd3 e6 $5 19. d5 exd5 20. exd5 Nc4 $11) 18. Bg5 $1 a6 19. Rbc1 (19. Bxe7
$6 Qxe7 20. Qxa5 Bxd3 21. Rxd3 Qxe4 22. Rdd1 Rc6 $15) 19... Bxd3 (19... Re8 20.
Bb1) 20. Rxc8 Qxc8 21. Qxd3 Re8 $2 (21... Qb7 $11) (21... Qd7 $10) 22. Rc1 Qb7
23. d5 Nc4 24. Nd2 Nxd2 (24... Ne5 25. Qc2 { 26.1/4c7>>}) (24... h6 25. Bf4
$14) 25. Bxd2 $1 Rc8 {[#]} 26. Rc6 $1 $14 Be5 (26... Rxc6 27. dxc6 Qxc6 28.
Qd8+ Bf8 29. Bh6 $18) 27. Bc3 Bb8 (27... Bxc3 28. Qxc3 Rxc6 29. Qxc6 Qa7 30. e5
$18) 28. Qd4 f6 29. Ba5 Bd6 (29... Qd7 30. Qc5 $16) 30. Qc3 (30. Qb6 $5) 30...
Re8 31. a3 Kg7 32. g3 (32. Bc7 $1) 32... Be5 33. Qc5 h5 (33... Bd6 $16) 34. Bc7
Ba1 35. Bf4 Qd7 36. Rc7 Qd8 (36... Qxh3 37. Rxe7+ Rxe7 38. Qxe7+ Kg8 39. Bh6 f5
40. e5) 37. d6 g5 38. d7 Rf8 39. Bd2 Be5 40. Rb7 (40. Rb7 Bd6 41. Qc6 Bxa3 42.
Be3 { 43.>>b6+-}) 1-0

[Event "Moscow"]
[Site "Moscow"]
[Date "1981.04.??"]
[Round "3"]
[White "Karpov, Anatoly"]
[Black "Geller, Efim P"]
[Result "1-0"]
[WhiteElo "2690"]
[BlackElo "2615"]
[Annotator "Belov,I"]
[PlyCount "65"]
[EventDate "1981.04.08"]
[EventType "tourn"]
[EventRounds "13"]
[EventCountry "URS"]
[EventCategory "15"]
[SourceTitle "MCL"]
[Source "ChessBase"]
[SourceDate "1999.07.01"]
[SourceVersion "1"]
[SourceVersionDate "1999.07.01"]
[SourceQuality "1"]

1. d4 d5 2. c4 e6 3. Nc3 Be7 4. Nf3 Nf6 5. Bg5 h6 6. Bh4 O-O 7. e3 b6 8. Rc1
Bb7 9. Bd3 Nbd7 10. O-O c5 11. Qe2 Rc8 12. Bg3 $1 cxd4 13. exd4 dxc4 14. Bxc4
Bxf3 $6 15. gxf3 Nh5 $8 16. Ba6 Nxg3 17. hxg3 Rc7 18. Rfd1 Nf6 {[#] Karpov se
neboji hrat s izolovanym pescem} 19. Nb5 $14 Rxc1 20. Rxc1 Nd5 (20... Qb8 21.
Rc7 Nd5 22. Rxa7 $16) 21. Nxa7 Nb4 22. a3 $1 Qa8 $5 (22... Nxa6 23. Nc6 $1 Qd7
24. Qxa6 $16) 23. Rc7 $1 $8 (23. Nc8 $2 Bg5 $1 $19) 23... Nd5 24. Rb7 $1 (24.
Rd7 Rd8 $1 25. Rxd8+ Bxd8 26. Qb5 Bf6 $13) 24... Bf6 25. Nc6 $16 Rc8 26. Ne5
Bxe5 27. dxe5 Rc1+ (27... b5 28. Qxb5 Rc1+ (28... Nc7 29. Qd7 $18) 29. Kg2 Nc7
30. Rb8+ $18) 28. Kg2 $1 (28. Kh2 $6 Qd8 29. Bd3 Nf4 $1 $17) 28... Qd8 29. Bd3
Ra1 (29... g6 30. Qd2 Ra1 31. Qxh6 $18) (29... Rc7 30. Rxc7 Qxc7 $16) 30. Qe4
g6 31. Rxf7 $1 $18 Kxf7 32. Qxg6+ Kf8 33. Qxh6+ (33. Qxh6+ Ke8 (33... Kg8 34.
Qh7+ Kf8 35. Qh8+ Ke7 36. Qg7+ Ke8 37. Bg6#) 34. Bb5+ $18 Kf7 35. Qh7+ Kf8 36.
Qh8+ Ke7 37. Qg7#) 1-0

[Event "Linares 12th"]
[Site "Linares"]
[Date "1994.??.??"]
[Round "11"]
[White "Karpov, Anatoly"]
[Black "Kramnik, Vladimir"]
[Result "1-0"]
[WhiteElo "2740"]
[BlackElo "2710"]
[Annotator "Ftacnik,L"]
[PlyCount "79"]
[EventDate "1994.02.??"]
[EventType "tourn"]
[EventRounds "13"]
[EventCountry "ESP"]
[EventCategory "18"]
[SourceTitle "CBM 040"]
[Source "ChessBase"]
[SourceDate "1994.06.01"]
[SourceVersion "1"]
[SourceVersionDate "1994.06.01"]
[SourceQuality "1"]

1. d4 d5 2. c4 c6 3. Nf3 Nf6 4. Nc3 e6 5. e3 Nbd7 6. Bd3 dxc4 7. Bxc4 b5 8. Bd3
a6 9. e4 c5 10. d5 c4 11. dxe6 fxe6 12. Bc2 Bb7 13. O-O Qc7 14. Ng5 Nc5 {[#]}
15. e5 Qxe5 16. Re1 Qd6 17. Qxd6 $1 Bxd6 18. Be3 $5 (18. Nxe6 Nxe6 19. Rxe6+
Kd7 20. Re1 $11) 18... O-O (18... Nd3 19. Bxd3 cxd3 20. Nxe6 Kf7 21. Bc5 $11)
19. Rad1 Be7 (19... Rfd8 $2 20. Rxd6 Rxd6 21. Bxc5 $18) 20. Bxc5 Bxc5 21. Nxe6
{hodnoceni pozice} Rfc8 22. h3 (22. Nxc5 Rxc5 23. Re7 Bc6 24. b4 Rg5 25. g3 Re8
$13) 22... Bf8 (22... Rab8 $5 $11) (22... Bb6 $2 23. Nxg7 $16) 23. g4 h6 (23...
b4 24. Na4 $14) 24. f4 Bf3 (24... b4 25. Na4 Bf3 26. Rd4 Rab8 27. Kf2 $16) (
24... Re8 25. g5 $16) 25. Rd2 (25. Rd4 Re8 26. Kf2 Rxe6 27. Rxe6 Bc5 28. Kxf3
Bxd4 $14) 25... Bc6 26. g5 hxg5 27. fxg5 Nd7 (27... Nh5 $2 28. Bg6 Ng3 29. Kh2
$18) 28. Nxf8 Nxf8 (28... Rxf8 29. Re6 Nb8 30. Re7 $16) (28... Kxf8 $2 29. Bh7
g6 $8 30. Rf2+ Kg7 31. Re7+ Kh8 32. Bxg6 $18) 29. Rd6 b4 (29... Re8 30. Rxe8
Bxe8 31. Nd5 $16) 30. Ne4 (30. Nd5 $1 $14) 30... Be8 (30... Nd7 31. Ng3 {
/\Re7//\Nf5}) (30... Bxe4 31. Bxe4 $16) 31. Ng3 Rd8 32. Nf5 Rxd6 (32... a5 33.
Be4 Rac8 34. Bd5+ Kh7 35. Bxc4 $18) 33. Nxd6 {[#]} Bg6 $2 (33... Bf7 $1 34. Re7
$1 Bd5 35. g6 $14) 34. Bxg6 Nxg6 35. Nxc4 $16 Rd8 36. Re4 b3 37. axb3 (37. a3
$1 $16) (37. a4 $1 $16) 37... Rd3 38. Kg2 (38. Re3 Rxe3 (38... Rd5 $132) 39.
Nxe3 Nf4 40. Kh2 Nd3 41. Nc4 Nc1 42. Kg3 $1 Nxb3 43. h4 $16) 38... Rxb3 39. h4
Nf8 (39... Rb4 $5 40. h5 Ne5 41. Rxe5 Rxc4 42. Kf3 $16) 40. Re8 (40. Re8 Kf7
41. Ra8 Rb4 42. Ne5+ Ke6 43. Nd3 Rd4 44. Nc5+ Kd5 45. Nxa6 Ne6 $16 46. Kg3) 1-0